Normal view MARC view

Entry Topical Term

Number of records used in: 1

001 - CONTROL NUMBER

  • control field: 32837

003 - CONTROL NUMBER IDENTIFIER

  • control field: OSt

005 - DATE AND TIME OF LATEST TRANSACTION

  • control field: 20220912152140.0

008 - FIXED-LENGTH DATA ELEMENTS

  • fixed length control field: 220912|| aca||aabn | a|a d

040 ## - CATALOGING SOURCE

  • Original cataloging agency: OSt
  • Transcribing agency: OSt

150 ## - HEADING--TOPICAL TERM

  • Topical term or geographic name entry element: Race, Intersectionality, Labour outcomes, Racism.

670 ## - SOURCE DATA FOUND

  • Source citation: Work cat.: (OSt): Hussein, Shereen 32836, Employment inequalities among British minority ethnic workers in health and social care at the time of covid-19: A rapid review of the literature

Powered by Koha